000 00410nam a22001697a 4500
003 MPLRDC
005 20220104124620.0
008 210129b ||||| |||| 00| 0 eng d
082 _a859.3 XB v.8
100 _a不详
245 _a西瓜姑娘和捣蛋鬼
_c
260 _a
_b香槟图书出版社
_c
300 _b
490 _a日本民间传奇故事精选
650 _a
942 _cBK
_o859.3 XB v.8
999 _c20765
_d20755